Clinical teaching strategies in nursing / (Record no. 25483)
[ view plain ]
| 000 -LEADER | |
|---|---|
| fixed length control field | 01227cam a22003135a 4500 |
| 001 - CONTROL NUMBER | |
| control field | 12652775 |
| 005 - DATE AND TIME OF LATEST TRANSACTION | |
| control field | 20171012141639.0 |
| 008 - FIXED-LENGTH DATA ELEMENTS--GENERAL INFORMATION | |
| fixed length control field | 140318t2015 nyua frb 001 0 eng d |
| 020 ## - INTERNATIONAL STANDARD BOOK NUMBER | |
| Cancelled/invalid ISBN | 9780826119612 |
| 040 ## - CATALOGING SOURCE | |
| Original cataloging agency | CaPaEBR |
| Language of cataloging | eng |
| Description conventions | pn |
| Transcribing agency | CaPaEBR |
| Modifying agency | EG-ScBUE |
| 082 04 - DEWEY DECIMAL CLASSIFICATION NUMBER | |
| Edition number | 22 |
| Classification number | 610.73071 |
| Item number | GAB |
| 100 1# - MAIN ENTRY--PERSONAL NAME | |
| Personal name | Gaberson, Kathleen B. |
| 245 10 - TITLE STATEMENT | |
| Title | Clinical teaching strategies in nursing / |
| Statement of responsibility, etc | Kathleen B. Gaberson, Marilyn H. Oermann, Teresa Shellenbarger. |
| 250 ## - EDITION STATEMENT | |
| Edition statement | 4th ed. |
| 260 ## - PUBLICATION, DISTRIBUTION, ETC. (IMPRINT) | |
| Place of publication, distribution, etc | New York : |
| Name of publisher, distributor, etc | Springer Publishing Company, |
| Date of publication, distribution, etc | c.2015. |
| 300 ## - PHYSICAL DESCRIPTION | |
| Extent | xiii, 380 p. : |
| Other physical details | ill. ; |
| Dimensions | 24 cm. |
| 504 ## - BIBLIOGRAPHY, ETC. NOTE | |
| Bibliography, etc | Includes bibliographical references and index. |
| 506 ## - RESTRICTIONS ON ACCESS NOTE | |
| Terms governing access | Access restricted by licensing agreement. |
| 590 ## - LOCAL NOTE (RLIN) | |
| Local note | Access is available to the Yale community. |
| 650 #7 - SUBJECT ADDED ENTRY--TOPICAL TERM | |
| Topical term or geographic name as entry element | Nursing |
| General subdivision | Study and teaching. |
| Source of heading or term | BUEsh |
| 9 (RLIN) | 36329 |
| 651 ## - SUBJECT ADDED ENTRY--GEOGRAPHIC NAME | |
| Source of heading or term | BUEsh |
| 653 ## - INDEX TERM--UNCONTROLLED | |
| Resource For college | Nursing |
| Arrived date list | October2017 |
| 655 ## - INDEX TERM--GENRE/FORM | |
| Form subdivision | Reading book |
| -- | 34232 |
| 700 1# - ADDED ENTRY--PERSONAL NAME | |
| Personal name | Oermann, Marilyn H. |
| 700 1# - ADDED ENTRY--PERSONAL NAME | |
| Personal name | Shellenbarger, Teresa. |
| 776 08 - ADDITIONAL PHYSICAL FORM ENTRY | |
| Display text | Print version: |
| Main entry heading | Gaberson, Kathleen B. |
| Title | Clinical teaching strategies in nursing. |
| Edition | Fourth edition. |
| Place, publisher, and date of publication | New York : Springer Publishing Company, c2015 |
| Physical description | xiii, 380 pages |
| International Standard Book Number | 9780826119612 |
| Record control number | 2013047918 |
| 797 2# - LOCAL ADDED ENTRY--CORPORATE NAME (RLIN) | |
| Corporate name or jurisdiction name as entry element | ebrary. |
| 942 ## - ADDED ENTRY ELEMENTS (KOHA) | |
| Source of classification or shelving scheme | Dewey Decimal Classification |
| Withdrawn status | Item status | Source of classification or shelving scheme | Damaged status | Not for loan | Vendor | Home library | Current library | Shelving location | Date acquired | Source of acquisition | Cost, normal purchase price | Total Checkouts | Total Renewals | Full call number | Barcode | Date last seen | Date last borrowed | Koha item type |
|---|---|---|---|---|---|---|---|---|---|---|---|---|---|---|---|---|---|---|
| Dewey Decimal Classification | Baccah | Central Library | Central Library | First floor | 12/10/2017 | Purchase | 1750.00 | 1 | 3 | 610.73071 GAB | 000042131 | 15/07/2025 | 15/09/2020 | Book - Borrowing |